000 00832nam a22002417a 4500
999 _c12608
_d12608
003 AR-CdUCM
008 190409b ||||| |||| 00| 0 spa d
040 _aMUNICIPALIDAD PROVINCIAL DEL CUSCO
_cBIBLIOTECA MUNICIPAL DEL CUSCO
082 _aC / 869.5503 /
_bM23
100 _aMatto de Turner, Clorinda
_9719
245 _aAves sin nido /
260 _aCusco :
_bH. G. Rozas Sucs,
_c1948.
300 _aXXV, 265 páginas ;
_c21 cm.
500 _aHomenaje de la Universidad Nacional del Cuzco al II Congreso Indigenista Interamericano.
505 _aContenido: Novela.
650 _aLiteratura Peruana
_9132
650 _aSiglo XX
_98
650 _aNovela
_95
700 _aTapia Olarte, E. (noticia preliminar)
_930530
710 _aUniversidad Nacional del Cuzco.
_923977
942 _2ddc
_cLIBROS
945 _aachl
_d2019-04-09